Birdhouse in your Soul lyrics They Might Be Giants - Statistics

General Stats
  • This quiz has been taken 81 times
  • The average score is 378 of 433
Answer Stats
Lyrics % Correct
a
100%
free
100%
I
100%
not
100%
Not
100%
the
100%
you
100%
your
100%
birdhouse
98%
friend
98%
I'm
98%
in
98%
on
98%
only
98%
So
98%
soul
98%
be
96%
But
96%
by
96%
glowing
94%
little
94%
my
94%
My
94%
to
94%
actually
91%
And
91%
and
91%
bonnet
91%
Make
91%
bee
89%
canary
89%
canary,
89%
Who
89%
it
87%
me
87%
out
87%
over
87%
Say
87%
am
85%
Blue
85%
blue
85%
glowing
85%
light
85%
really
85%
switch
85%
watches
85%
that
83%
too
83%
if
81%
Of
81%
of
81%
have
79%
is
79%
tell
79%
were
79%
fine
77%
From
77%
job
77%
outlet
77%
put
77%
shipwreck
77%
ancestry
74%
beaches
74%
I'd
74%
Jason
74%
lot
74%
electrical
72%
name
72%
one
72%
point
72%
secret
72%
shores
72%
Though
72%
well
72%
bells
70%
countless
70%
fired
70%
It's
70%
it's
70%
kept
70%
off
70%
picture
70%
screaming
70%
primitive
68%
respect
68%
rocky
68%
whistles
68%
Argonauts
66%
killing
66%
Like
66%
note
66%
spelled
66%
After
64%
leaving
64%
listen
64%
l-i-t-e
64%
stood
64%
infinite
62%
message
62%
must
62%
opposite
62%
room
62%
simple
62%
always
60%
There's
60%
vigilantly
60%
angels,
55%
doesn't
55%
story's
55%
rest
51%
Which
51%
Filibuster
49%
friendliness
49%
inside
49%
Keep
49%
keep
49%
at
47%
guardian
47%
nightlight
47%
Bluebird
45%
you're
45%
near
43%
Symphonette,
40%
while
40%
Longines
30%
No matching quizzes found
Score Distribution
Percent of People with Each Score
Percentile by Number Answered
Your Score History
You have not taken this quiz